Statistiques concernant Sport "national" de pays

Cliquez ici pour prendre le quiz!

Statistiques générales

  • Ce quiz a été pris 114 fois
  • Le résultat moyen est 5 sur 16

Statistiques - réponses

PaysSport national% Correct
BrésilFootball
93%
CanadaHockey sur glace
79%
Etats-unisFootball Américain
76%
FidjiRugby à XV
65%
JamaïqueAthletisme
39%
ChineTennis de table
34%
JaponSumo
32%
Royaume-uniCricket
30%
TaïwanBaseball
28%
VaticanFootball
15%
AustralieSurf
14%
IndeHockey sur gazon
9%
IndonésieBadminton
7%
IrlandeHurling
3%
AfghanistanBouzkachi
2%
ThaïlandeSepak Takraw
2%

Distribution des résultats

Percentile par nombre de réponses

% des personnes avec chaque résultat

Votre développement - résultats

Vous n’avez pas pris ce quiz